| 000 | 00990nam a22001935i 4500 | ||
|---|---|---|---|
| 001 | 157114 | ||
| 003 | ES-MaACL | ||
| 005 | 20250824063052.0 | ||
| 008 | 000707s1855 sp |||| | spa d | ||
| 040 |
_aAR _bspa _cAR |
||
| 100 | 1 |
_aLarra y Wetoret, Luis Mariano de, _d1830-1901 _970289 |
|
| 245 | 1 | 4 |
_aUna lágrima y un beso _b: comedia en cuatro actos y en verso / _coriginal de Luis Mariano de Larra. |
| 260 |
_aMadrid : _b[s.n.], _c1855 ( _fImp. de José Rodriguez) |
||
| 300 |
_a109 p. ; _c19 cm. |
||
| 500 | _aEn port.: Estrenada con extraordinario éxito en el teatro del Príncipe el 27 de abril de 1855. | ||
| 596 | _aEn verso de la port. consta: " La propiedad de esta comedia pertenece al Director de la Galeria lirico-dramática El Teatro ..." | ||
| 852 |
_aES-MaACL _jF-8613(10) _z-- Enc. pasta española _q-- Falto de la cub. original _z.- Enc. en un vol. facticio formando parte de la col. facticia "Teatro español moderno", vol. 68 |
||
| 999 |
_c157114 _d157114 |
||